In their own words : (Record no. 165114)

MARC details
000 -LEADER
fixed length control field 00643nam a2200193 4500
005 - DATE AND TIME OF LATEST TRANSACTION
control field 20190607161432.0
010 ## - LCCN (DPL NO)
LC control number ENG-125509
020 ## - INTERNATIONAL STANDARD BOOK NUMBER
International Standard Book Number 9780199495214
Terms of availability 950.00
035 ## - SYSTEM CONTROL NUMBER
System control number EN-109041
037 ## - SOURCE OF ACQUISITION
Source of stock number/acquisition DBAD/PUB
082 ## - DEWEY DECIMAL CLASSIFICATION NUMBER
Classification number 363.325
100 ## - MAIN ENTRY--PERSONAL NAME
Personal name Fair, C. Christine
245 ## - TITLE STATEMENT
Title In their own words :
Statement of responsibility, etc by C.Christine Fair
Remainder of title understanding Lashkar-e-Tayyaba /
260 ## - PUBLICATION, DISTRIBUTION, ETC. (IMPRINT)
Place of publication, distribution, etc New Delhi
Name of publisher, distributor, etc Oxford University Press
Date of publication, distribution, etc 2019
270 ## - ADDRESS
Address 2/11 Ground Floor
City Ansari Road, Daryaganj, New Delhi
Postal code 110002
300 ## - PHYSICAL DESCRIPTION
Extent 307p.
Dimensions 22cm(Hb)
500 ## - GENERAL NOTE
General note Includes bibliographical references and index
942 ## - ADDED ENTRY ELEMENTS (KOHA)
Source of classification or shelving scheme Dewey Decimal Classification
Item type English Books
Classification part 363.325
Call number suffix FAI
Holdings
Withdrawn status Lost status Not for loan Collection code Home library Current library Date acquired Source of acquisition Cost, normal purchase price Full call number Barcode Copy number Cost, replacement price Koha item type
      Non-fiction Bawana Bawana 07/06/2019 DBAD/PUB 950.00 363.325 FAI EN-109041 1 950.00 English Books

© Delhi Public Library
Hit Counter
free hit counter